| 000 | 00902nam a2200241 a 4500 | ||
|---|---|---|---|
| 999 |
_c11387 _d11387 |
||
| 001 | 11387 | ||
| 003 | BD-JhCC | ||
| 005 | 20190909092920.0 | ||
| 008 | 190909b 2018bg |||| ||a| 000 0 ben d | ||
| 020 | _a97898490080710 | ||
| 035 | _a(BD-JhCC)11387 | ||
| 040 |
_aBD-JhCC _dBD-JhCC |
||
| 041 | _aben | ||
| 082 |
_a923 _bBAN 2018 |
||
| 245 |
_aবাঙালি জাতির কলঙ্কিত অধ্যায়: _bরক্তাক্ত ১৫ আগস্ট / _cসম্পাদিত: ড. আনু মাহমুদ । |
||
| 260 |
_aঢাকা: _bন্যাশনাল পাবলিকেশন; _c২০১৮. |
||
| 300 |
_a৭১৮ পৃ. : _c২২ সেমি. |
||
| 600 |
_aMujibur Rahman, Sheikh, _d 1920-1975 |
||
| 650 |
_aPolitics and government _zBangladesh |
||
| 700 | _aমাহমুদ, ড. আনু | ||
| 942 |
_2ddc _cBK |
||